Pokémon commençant par la lettre N (français) - Statistiques

Statistiques générales
  • Ce quiz a été pris 598 fois
    344 depuis la dernière actualisation
  • Le résultat moyen est 24 sur 31
Statistiques - réponses
Numéro Pokémon % Correct
029 Nidoran♀
95%
032 Nidoran♂
95%
034 Nidoking
94%
031 Nidoqueen
94%
030 Nidorina
94%
033 Nidorino
94%
169 Nostenfer
88%
041 Nosferapti
87%
042 Nosferalto
85%
270 Nénupiot
83%
290 Ningale
83%
291 Ninjask
80%
197 Noctali
78%
103 Noadkoko
77%
531 Nanméouïe
76%
276 Nirondelle
76%
164 Noarfang
76%
102 Nœunœuf
76%
177 Natu
74%
524 Nodulithe
73%
700 Nymphali
70%
668 Némélios
69%
477 Noctunoir
68%
845 Nigosier
64%
759 Nounourson
63%
800 Necrozma
62%
598 Noacier
62%
606 Neitram
58%
312 Négapi
57%
978 Nigirigon
57%
577 Nucléos
55%
Aucun quiz correspondant
Distribution des résultats
% des personnes avec chaque résultat
Percentile par nombre de réponses
Votre historique - résultats
Vous n’avez pas pris ce quiz depuis la dernière actualisation